00475 2200169 4500001002100000008004100021035002000062245005200082100002600134260004800160300002000208020002200228084001400250082000800264650002000272990001300292INLIS000000000000438 ind  a0010-0226000438 aBermain Dengan MatematikacMuhammad Ramdhan Adi aRamdhan, Muhammad Adi aBandung :bPT Sarana Panca Karya Nusac2009 a64 hlm.c29 cm. a978-979-678-384-7 a500 MUH b a500 aIlmu-ilmu murni ap/2215/1